OZETA, a.s. odevné závody Trenčín - analýza spoločnosti Vývoj obchodovania s akciami spoločnosti
Predmet činnosti spoločnosti OZETA, a.s. odevné závody Trenčín. Obchodná situácia. Finančná situácia. Vývoj kurzu akcií. Celkový objem obchodov s akciami spoločnosti.
Guardado en:
| Formato: | Capítulo de libro |
|---|---|
| Lenguaje: | eslovaco |
| Materias: | |
| Etiquetas: |
Sin Etiquetas, Sea el primero en etiquetar este registro!
|
MARC
| LEADER | 00000naa a2200000 4500 | ||
|---|---|---|---|
| 001 | r025259 | ||
| 005 | 20230426110313.1 | ||
| 041 | 0 | |a slo | |
| 044 | |a SK | ||
| 245 | 1 | 0 | |a OZETA, a.s. odevné závody Trenčín - analýza spoločnosti |b Vývoj obchodovania s akciami spoločnosti |
| 520 | |a Predmet činnosti spoločnosti OZETA, a.s. odevné závody Trenčín. Obchodná situácia. Finančná situácia. Vývoj kurzu akcií. Celkový objem obchodov s akciami spoločnosti. | ||
| 610 | 2 | 0 | |a analýza finančná |
| 610 | 2 | 0 | |a podnik |
| 610 | 2 | 0 | |a OZETA, a.s. Trenčín |
| 610 | 2 | 0 | |a 1993-1996 |
| 610 | 2 | 0 | |a Slovensko |
| 610 | 2 | 0 | |a financie podnikové |
| 610 | 2 | 0 | |a priemysel odevný |